5HLuxD.jpg

KING HENRY VIII SENIOR AND PRIMARY SCHOOL LIBRARY OPAC

Jennifer's diary / (Record no. 1458)

000 -LEADER
fixed length control field 00825 am a2200289ua 4500
001 - CONTROL NUMBER
control field 011931268
003 - CONTROL NUMBER IDENTIFIER
control field OSt
005 - DATE AND TIME OF LATEST TRANSACTION
control field 20221229221205.0
008 - FIXED-LENGTH DATA ELEMENTS--GENERAL INFORMATION
fixed length control field 030120r19971996enka j| 000 1|eng
015 ## - NATIONAL BIBLIOGRAPHY NUMBER
National bibliography number GBA250232
Source bnb
020 ## - INTERNATIONAL STANDARD BOOK NUMBER
International Standard Book Number 9780140380606
035 ## - SYSTEM CONTROL NUMBER
System control number (UkCU)C3026160
039 0# - LEVEL OF BIBLIOGRAPHIC CONTROL AND CODING DETAIL [OBSOLETE]
Level of rules in bibliographic description 2726
040 ## - CATALOGING SOURCE
Original cataloging agency UkCU
Modifying agency Uk
-- KH8
Transcribing agency .
082 04 - DEWEY DECIMAL CLASSIFICATION NUMBER
Classification number 823.914 FIN
Edition number 21
100 1# - MAIN ENTRY--PERSONAL NAME
Personal name Fine, Anne.
Relator term author
245 10 - TITLE STATEMENT
Title Jennifer's diary /
Statement of responsibility, etc. Anne Fine ; illustrated by Kate Aldous.
260 ## - PUBLICATION, DISTRIBUTION, ETC.
Place of publication, distribution, etc. London :
Name of publisher, distributor, etc. Puffin,
Date of publication, distribution, etc. 1997, c1996.
300 ## - PHYSICAL DESCRIPTION
Extent 55 p. ;
Dimensions 20 cm.
336 ## - CONTENT TYPE
Content type term text
Source rdacontent
337 ## - MEDIA TYPE
Media type term unmediated
Source rdamedia
338 ## - CARRIER TYPE
Carrier type term volume
Source rdacarrier
500 ## - GENERAL NOTE
General note Originally published: London : Hamish Hamilton, 1996.
650 ## - SUBJECT ADDED ENTRY--TOPICAL TERM
Source of heading or term Children Story
Form subdivision Diary
700 1# - ADDED ENTRY--PERSONAL NAME
Personal name Aldous, Kate.
Relator term illustrator
942 ## - ADDED ENTRY ELEMENTS (KOHA)
Source of classification or shelving scheme
Koha item type Books - Non Ficton
Holdings
Withdrawn status Lost status Source of classification or shelving scheme Damaged status Not for loan Collection code Permanent Location Current Location Shelving location Date acquired Total Checkouts Full call number Barcode Date last seen Date last checked out Price effective from Koha item type
          Non-Fiction KH8 Primary School Library KH8 Primary School Library Non Fiction 2022-12-29 2 823.914 FIN KHPL000003237 2025-12-05 2024-06-05 2022-12-29 Books - Non Ficton

Powered By KH8 IT Dept